Left Bain, Righr Brain/ (Record no. 2882)
[ view plain ]
| 000 -LEADER | |
|---|---|
| fixed length control field | 00900nam a2200277 a 4500 |
| 001 - CONTROL NUMBER | |
| control field | b007938 |
| 003 - CONTROL NUMBER IDENTIFIER | |
| control field | BD-ChVAS |
| 005 - DATE AND TIME OF LATEST TRANSACTION | |
| control field | 20181022231059.0 |
| 008 - FIXED-LENGTH DATA ELEMENTS--GENERAL INFORMATION | |
| fixed length control field | 1200619s1994 paua b 001 0 eng |
| 020 ## - INTERNATIONAL STANDARD BOOK NUMBER | |
| International Standard Book Number | 0716723727 |
| 020 ## - INTERNATIONAL STANDARD BOOK NUMBER | |
| International Standard Book Number | 0716723735 (pbk.) |
| 040 ## - CATALOGING SOURCE | |
| Original cataloging agency | DLC |
| Transcribing agency | DLC |
| Modifying agency | DLC |
| -- | BD-Dhcvasu |
| 050 00 - LIBRARY OF CONGRESS CALL NUMBER | |
| Classification number | SF968 |
| Item number | .S63 1994 |
| 082 00 - DEWEY DECIMAL CLASSIFICATION NUMBER | |
| Classification number | 612.825 SPL |
| Edition number | 20 |
| 100 1# - MAIN ENTRY--PERSONAL NAME | |
| Personal name | Springer, Sally P. |
| 9 (RLIN) | 2217 |
| 245 10 - TITLE STATEMENT | |
| Title | Left Bain, Righr Brain/ |
| Statement of responsibility, etc | [By] Sally P. Springer & Georg Deutsch. |
| 260 ## - PUBLICATION, DISTRIBUTION, ETC. (IMPRINT) | |
| Place of publication, distribution, etc | New York: |
| Name of publisher, distributor, etc | W. H. Freeman and company, |
| Date of publication, distribution, etc | c1993. |
| 300 ## - PHYSICAL DESCRIPTION | |
| Extent | xiv, 368 p. : |
| Other physical details | ill. ; |
| Dimensions | 23.5 cm. |
| 440 ## - SERIES STATEMENT/ADDED ENTRY--TITLE | |
| Title | A Series of Books in Psychology |
| 9 (RLIN) | 2524 |
| 504 ## - BIBLIOGRAPHY, ETC. NOTE | |
| Bibliography, etc | Includes bibliographical references and index. |
| 650 #0 - SUBJECT ADDED ENTRY--TOPICAL TERM | |
| Topical term or geographic name as entry element | Cerebral Dominance |
| 9 (RLIN) | 2218 |
| 650 #0 - SUBJECT ADDED ENTRY--TOPICAL TERM | |
| Topical term or geographic name as entry element | Brain-Localization of functions |
| 9 (RLIN) | 2219 |
| 650 #0 - SUBJECT ADDED ENTRY--TOPICAL TERM | |
| Topical term or geographic name as entry element | Left & Right ( Psychology) |
| 9 (RLIN) | 2525 |
| 700 1# - ADDED ENTRY--PERSONAL NAME | |
| Personal name | Deutsch, Georg. |
| 9 (RLIN) | 2220 |
| 942 ## - ADDED ENTRY ELEMENTS (KOHA) | |
| Source of classification or shelving scheme | Dewey Decimal Classification |
| Koha item type | Books |
| Withdrawn status | Lost status | Source of classification or shelving scheme | Damaged status | Not for loan | Collection code | Home library | Current library | Shelving location | Date acquired | Total Checkouts | Full call number | Barcode | Date last seen | Copy number | Price effective from | Koha item type |
|---|---|---|---|---|---|---|---|---|---|---|---|---|---|---|---|---|
| Dewey Decimal Classification | Not For Loan | Reference | Chattogram Veterinary and Animal Sciences University, Library | Chattogram Veterinary and Animal Sciences University, Library | Reference | 22/10/2018 | 612.825 SPL | 007938 | 22/10/2018 | 1 | 22/10/2018 | Reference Books |